[Event "Titled Tuesday intern op 16th Jan Early"]
[Site "Chess.com INT"]
[Date "2024.01.16"]
[Round "4"]
[White "Bala, Kannamma P"]
[Black "Mika, Tomasz1"]
[Result "1-0"]
[WhiteElo "2046"]
[BlackElo "2138"]
[PlyCount "61"]
[EventDate "2024.01.16"]
[EventType "swiss (blitz)"]
[EventRounds "11"]
[EventCountry "USA"]
[SourceTitle "CB04_2024"]
[SourceDate "2023.10.16"]
[SourceVersion "1"]
[SourceVersionDate "2023.10.16"]
[SourceQuality "1"]

1. e4 c6 2. d3 d5 3. Nd2 e5 4. Ngf3 Bd6 5. g3 Nf6 6. Bg2 0-0 7. 0-0 d4 8. a4 c5 9. Nc4 Nc6 10. Nh4 Qc7 11. Nf5 Bxf5 12. exf5 Rfe8 13. g4 e4 14. Nxd6 Qxd6 15. g5 e3 16. fxe3 dxe3 17. Bxe3 Rxe3 18. gxf6 Qxf6 19. Qd2 Rae8 20. Be4 Qd4 21. Qf2 Re2 22. Qxd4 Nxd4 23. c3 Nb3 24. Rae1 Rxb2 25. Bxb7 Ree2 26. Bd5 Na5 27. Rxe2 Rxe2 28. Rb1 h5 29. Rb5 Re5 30. Rxc5 Nb3 31. Rc8+ 1-0

[Event "Titled Tuesday intern op 16th Jan Early"]
[Site "Chess.com INT"]
[Date "2024.01.16"]
[Round "3"]
[White "Bogaudinov, Rushan"]
[Black "Bala, Kannamma P"]
[Result "0-1"]
[WhiteElo "1853"]
[BlackElo "2046"]
[PlyCount "136"]
[EventDate "2024.01.16"]
[EventType "swiss (blitz)"]
[EventRounds "11"]
[EventCountry "USA"]
[SourceTitle "CB04_2024"]
[SourceDate "2023.10.16"]
[SourceVersion "1"]
[SourceVersionDate "2023.10.16"]
[SourceQuality "1"]

1. d4 Nf6 2. Nf3 e6 3. e3 b6 4. Be2 Bb7 5. 0-0 Be7 6. a4 0-0 7. a5 Qc8 8. c4 Nc6 9. Bd2 Nxa5 10. Bxa5 bxa5 11. Rxa5 a6 12. Nc3 c5 13. d5 exd5 14. cxd5 d6 15. e4 Qc7 16. Ra2 Rfe8 17. Re1 Bf8 18. Bc4 g6 19. Qd3 Nd7 20. Bxa6 Bg7 21. Bxb7 Qxb7 22. Rea1 Rxa2 23. Rxa2 Qb3 24. Ra7 Qxb2 25. Rxd7 Bxc3 26. h4 Qa1+ 27. Kh2 Be5+ 28. g3 Kg7 29. Kg2 h6 30. Qb5 Ra8 31. Qb7 Rf8 32. Re7 Bf6 33. Rd7 Qa4 34. Rxd6 Qxe4 35. Rd7 c4 36. d6 Qxb7 37. Rxb7 Rd8 38. d7 c3 39. Ne1 Kf8 40. Nd3 Ke7 41. Kf3 Rxd7 42. Rxd7+ Kxd7 43. Nb4 Kd6 44. Ke2 Kc5 45. Nc2 Kc4 46. Ne3+ Kd4 47. Nc2+ Ke4 48. f3+ Kd5 49. Kd3 Bg7 50. g4 Kc5 51. h5 gxh5 52. gxh5 Kd5 53. Ne3+ Ke5 54. Kxc3 Kf4+ 55. Kd2 Kxf3 56. Nf5 Bf6 57. Nxh6 Bg5+ 58. Kd3 Bxh6 59. Kd4 Kg4 60. Ke5 Bg7+ 61. Kd6 Kxh5 62. Ke7 f5 63. Ke6 f4 64. Kf7 f3 65. Kg8 f2 66. Kh7 f1Q 67. Kg8 Qf8+ 68. Kh7 Qh8# 0-1

[Event "IND-ch (Women) 46th"]
[Site "Managiri"]
[Date "2019.07.22"]
[Round "6"]
[White "Mohota, Nisha"]
[Black "Bala, Kannamma P"]
[Result "1/2-1/2"]
[WhiteElo "2221"]
[BlackElo "2051"]
[PlyCount "61"]
[EventDate "2019.07.19"]
[EventType "swiss"]
[EventRounds "11"]
[EventCountry "IND"]
[SourceTitle "EXT 2020"]
[Source "ChessBase"]
[SourceDate "2019.10.17"]
[SourceVersion "1"]
[SourceVersionDate "2019.10.17"]
[SourceQuality "1"]

1. d4 Nf6 2. Nf3 b6 3. e3 Bb7 4. Bd3 g6 5. c4 Bg7 6. 0-0 0-0 7. d5 c6 8. e4 cxd5 9. cxd5 d6 10. Nc3 Nbd7 11. Re1 Rc8 12. Bg5 a6 13. a4 Ng4 14. Rc1 Nge5 15. Nxe5 Nxe5 16. Bf1 Nd7 17. Qb3 Nc5 18. Qa3 h6 19. Bd2 a5 20. b4 axb4 21. Qxb4 Ba6 22. Re3 Bxf1 23. Kxf1 h5 24. Rb1 Ra8 25. Qxb6 Qxb6 26. Rxb6 Nxa4 27. Nxa4 Rxa4 28. Re1 Bf6 29. g3 Rc8 30. Rb4 Rxb4 31. Bxb4 1/2-1/2

[Event "IND-ch (Women) 45th"]
[Site "Jaipur"]
[Date "2018.11.22"]
[Round "7"]
[White "Bommini, Mounika Akshaya"]
[Black "Bala, Kannamma P"]
[Result "1-0"]
[WhiteElo "1859"]
[BlackElo "2101"]
[PlyCount "81"]
[EventDate "2018.11.18"]
[EventType "swiss"]
[EventRounds "11"]
[EventCountry "IND"]
[SourceTitle "CBM 187 Extra"]
[Source "ChessBase"]
[SourceDate "2018.11.04"]
[SourceVersion "1"]
[SourceVersionDate "2018.11.04"]
[SourceQuality "1"]

1. d4 g6 2. Bf4 Bg7 3. e3 d6 4. Nf3 Nd7 5. h3 e5 6. Bh2 Ne7 7. Be2 0-0 8. 0-0 e4 9. Nfd2 f5 10. c4 Nf6 11. Nc3 Be6 12. Rc1 Kh8 13. b4 d5 14. Nb5 Ne8 15. Nxc7 Nxc7 16. Bxc7 Qxc7 17. cxd5 Qd6 18. dxe6 Qxe6 19. Qb3 Qxb3 20. Nxb3 f4 21. exf4 Rxf4 22. Rc7 Nc6 23. Rd7 Rd8 24. Rxd8+ Nxd8 25. Rc1 Rf8 26. d5 Nf7 27. Rc7 Nd6 28. Rd7 Be5 29. Nc5 b6 30. Ne6 Rc8 31. f4 exf3 32. gxf3 Nf5 33. f4 Bc3 34. Ba6 Re8 35. Rxa7 Bxb4 36. Rb7 Bd2 37. Kf2 Ra8 38. Bd3 Be3+ 39. Kf3 Bg1 40. Bxf5 gxf5 41. d6 1-0

[Event "IND-ch (Women) 45th"]
[Site "Jaipur"]
[Date "2018.11.21"]
[Round "5"]
[White "Vijayalakshmi, Subbaraman"]
[Black "Bala, Kannamma P"]
[Result "1-0"]
[WhiteElo "2365"]
[BlackElo "2101"]
[PlyCount "73"]
[EventDate "2018.11.18"]
[EventType "swiss"]
[EventRounds "11"]
[EventCountry "IND"]
[SourceTitle "CBM 187 Extra"]
[Source "ChessBase"]
[SourceDate "2018.11.04"]
[SourceVersion "1"]
[SourceVersionDate "2018.11.04"]
[SourceQuality "1"]

1. d4 Nf6 2. Nf3 g6 3. g3 Bg7 4. Bg2 0-0 5. 0-0 d5 6. Be3 c6 7. Qc1 Bf5 8. c4 Qc8 9. Rd1 Bh3 10. Bh1 Nbd7 11. Bh6 Ne4 12. Bxg7 Kxg7 13. Nc3 Ndf6 14. Ne5 Qf5 15. Qe3 Nxc3 16. bxc3 h5 17. Rab1 Rab8 18. Rb2 Qc8 19. Rc1 Be6 20. c5 Ng4 21. Qf4 Nxe5 22. Qxe5+ f6 23. Qf4 f5 24. Rcb1 Kh7 25. Bf3 Qd7 26. Kg2 Rg8 27. Qe5 g5 28. e3 Bf7 29. Be2 Bg6 30. Ba6 f4 31. Rxb7 f3+ 32. Kg1 Qh3 33. Bf1 Rxb7 34. Rxb7 Qg4 35. Rxe7+ Kh6 36. Re6 Rc8 37. Bd3 1-0

[Event "Commonwealth-ch"]
[Site "New Delhi"]
[Date "2018.06.29"]
[Round "4"]
[White "Koustav, Chatterjee"]
[Black "Bala, Kannamma P"]
[Result "0-1"]
[WhiteElo "2365"]
[BlackElo "2062"]
[PlyCount "112"]
[EventDate "2018.06.26"]
[EventType "swiss"]
[EventRounds "9"]
[EventCountry "IND"]
[SourceTitle "CBM 185 Extra"]
[Source "ChessBase"]
[SourceDate "2018.07.29"]
[SourceVersion "1"]
[SourceVersionDate "2018.07.29"]
[SourceQuality "1"]

1. c4 c5 2. g3 Nf6 3. Bg2 Nc6 4. Nc3 g6 5. a3 Bg7 6. Rb1 a5 7. d3 0-0 8. Bd2 d6 9. Nf3 Bd7 10. 0-0 Qc8 11. Re1 Bh3 12. Bh1 h6 13. Nd5 Nxd5 14. cxd5 Nb8 15. Bc3 Nd7 16. Bxg7 Kxg7 17. b4 axb4 18. axb4 b6 19. Qb3 Ra7 20. Nd2 f5 21. Nc4 f4 22. e3 fxg3 23. hxg3 Kh7 24. bxc5 bxc5 25. Ra1 Qc7 26. Qc3 Nf6 27. e4 Rxa1 28. Rxa1 Ng4 29. f3 Ne5 30. Nxe5 dxe5 31. Ra6 Bd7 32. Qa5 Rc8 33. Qxc7 Rxc7 34. f4 exf4 35. gxf4 Kg7 36. Kf2 Kf7 37. Ke3 h5 38. e5 Bf5 39. d4 cxd4+ 40. Kxd4 Rc1 41. Bf3 Rf1 42. Ke3 h4 43. Ra7 Kf8 44. Ra8+ Kg7 45. Ke2 Rc1 46. e6 Rc2+ 47. Ke1 Rc1+ 48. Ke2 Rc2+ 49. Kd1 Rc3 50. Bh1 Rh3 51. Bg2 Rg3 52. Bf1 h3 53. Bxh3 Rxh3 54. Ke2 Rd3 55. Rd8 Be4 56. Rd7 Kf6 0-1

[Event "Mumbai Wealth op 3rd"]
[Site "Mumbai"]
[Date "2018.01.02"]
[Round "4"]
[White "Bala, Kannamma P"]
[Black "Hitesh, Vasanwala"]
[Result "1-0"]
[WhiteElo "2058"]
[BlackElo "1628"]
[PlyCount "109"]
[EventDate "2017.12.30"]
[EventType "swiss"]
[EventRounds "9"]
[EventCountry "IND"]
[SourceTitle "CBM 182 Extra"]
[Source "ChessBase"]
[SourceDate "2018.02.23"]
[SourceVersion "1"]
[SourceVersionDate "2018.02.23"]
[SourceQuality "1"]

1. e4 c5 2. Nf3 d6 3. d4 cxd4 4. Nxd4 Nf6 5. Nc3 Nc6 6. Bc4 e6 7. Bb3 Be7 8. Be3 0-0 9. f3 Bd7 10. Qd2 Na5 11. g4 Nxb3 12. axb3 a6 13. g5 Ne8 14. h4 Nc7 15. h5 Nb5 16. Nde2 d5 17. exd5 exd5 18. Nxd5 Bc6 19. 0-0-0 Bxd5 20. Qxd5 Qxd5 21. Rxd5 Rad8 22. Rhd1 Rxd5 23. Rxd5 Rd8 24. Rxd8+ Bxd8 25. Kd2 f6 26. g6 hxg6 27. hxg6 Nd6 28. Nd4 Bb6 29. Ne6 Bxe3+ 30. Kxe3 Nf5+ 31. Ke4 Ne7 32. Nc5 b6 33. Nxa6 Nxg6 34. Nb4 Ne7 35. Nd5 Nc8 36. c4 Kf7 37. b4 f5+ 38. Ke5 g5 39. Ne3 g4 40. fxg4 fxg4 41. Nxg4 Ke7 42. Nf6 Kd8 43. Nd5 Kd7 44. b5 Kd8 45. Ke6 Na7 46. Nxb6 Kc7 47. Nd5+ Kb7 48. Ne7 Kb6 49. b4 Kb7 50. Kd7 Kb6 51. Nc8+ Nxc8 52. Kxc8 Ka7 53. Kc7 Ka8 54. c5 Ka7 55. b6+ 1-0

[Event "IND-ch Challengers (Women) 44th"]
[Site "Mysore"]
[Date "2017.07.27"]
[Round "9"]
[White "Bala, Kannamma P"]
[Black "Swati, Ghate"]
[Result "1-0"]
[WhiteElo "1977"]
[BlackElo "2278"]
[PlyCount "127"]
[EventDate "2017.07.21"]
[EventType "swiss"]
[EventRounds "11"]
[EventCountry "IND"]
[SourceTitle "EXT 2019"]
[Source "ChessBase"]
[SourceDate "2018.10.10"]
[SourceVersion "1"]
[SourceVersionDate "2018.10.10"]
[SourceQuality "1"]

1. Nf3 c5 2. c4 Nc6 3. g3 g6 4. Bg2 Bg7 5. 0-0 d6 6. Nc3 e5 7. a3 Nge7 8. Rb1 Be6 9. d3 a5 10. Bd2 h6 11. Qc1 Rb8 12. Ne1 h5 13. h4 0-0 14. Bh6 b6 15. Bxg7 Kxg7 16. Nc2 d5 17. cxd5 Nxd5 18. Nxd5 Bxd5 19. Bxd5 Qxd5 20. b4 Nd4 21. Nxd4 cxd4 22. bxa5 bxa5 23. Qc7 Rbc8 24. Qb6 Rc5 25. a4 Rfc8 26. Rb5 Rxb5 27. Qxb5 Rc5 28. Qe8 Rc2 29. Re1 Ra2 30. f3 Qd6 31. Kf2 Rb2 32. Rc1 Rb8 33. Rc8 Rxc8 34. Qxc8 Qd5 35. Qe8 Qc5 36. Qb5 Qc7 37. Qd5 f6 38. Qe6 Qd8 39. Kg2 Qc7 40. Kf2 Qa7 41. g4 Qf7 42. Qd6 Kh6 43. Qd8 Qg7 44. g5+ fxg5 45. hxg5+ Kh7 46. Qxa5 Qe7 47. Qd2 Qd7 48. Qb4 Qd8 49. Qb7+ Kh8 50. Qe4 Qxg5 51. a5 Qf6 52. a6 Qxa6 53. Qxe5+ Kh7 54. Qxd4 Qe6 55. Qf4 Qe7 56. d4 Qa7 57. Qe5 Qb6 58. Kg2 Qb2 59. Qe7+ Kh6 60. d5 Qd4 61. d6 Qc5 62. Qe6 Qg5+ 63. Kf1 Qc1+ 64. Kf2 1-0

[Event "Commonwealth-ch"]
[Site "New Delhi"]
[Date "2017.07.03"]
[Round "1"]
[White "Bala, Kannamma P"]
[Black "Thejkumar, MS."]
[Result "1/2-1/2"]
[WhiteElo "1977"]
[BlackElo "2491"]
[PlyCount "156"]
[EventDate "2017.07.03"]
[EventType "swiss"]
[EventRounds "9"]
[EventCountry "IND"]
[SourceTitle "CBM 179 Extra"]
[Source "ChessBase"]
[SourceDate "2017.08.23"]
[SourceVersion "1"]
[SourceVersionDate "2017.08.23"]
[SourceQuality "1"]

1. Nf3 d5 2. c4 e6 3. g3 Nf6 4. Bg2 dxc4 5. Qa4+ c6 6. Qxc4 b5 7. Qc2 Bb7 8. d4 Nbd7 9. Nc3 Rc8 10. 0-0 a6 11. Ng5 Be7 12. Rd1 0-0 13. h4 h6 14. Nh3 Qb6 15. e4 e5 16. dxe5 Nxe5 17. Bf4 Nfg4 18. Rac1 Rfd8 19. Rxd8+ Rxd8 20. Rd1 Rxd1+ 21. Qxd1 Bc5 22. Qe2 Bd4 23. Kh1 b4 24. Nd1 a5 25. Bf1 c5 26. f3 Nf6 27. Bxe5 Bxe5 28. g4 Bd4 29. Ne3 g6 30. Nc4 Qd8 31. b3 Nd7 32. g5 hxg5 33. Nxg5 Nf6 34. Qh2 Ba6 35. Qf4 Qe7 36. Qb8+ Kg7 37. Qb6 Bxc4 38. Bxc4 Nh7 39. Bxf7 Bf6 40. Nxh7 Kxh7 41. Qe6 Qd8 42. Qd5 Qc7 43. h5 Qg3 44. Bxg6+ Kh6 45. Qd2+ Bg5 46. Qg2 Qh4+ 47. Qh2 Qe1+ 48. Qg1 Qe2 49. Qg2 Qe1+ 50. Qg1 Qe2 51. Qg2 Qd1+ 52. Kh2 a4 53. Qb2 Bf4+ 54. Kg2 a3 55. Qf2 c4 56. bxc4 b3 57. e5 b2 58. Qc2 Qe1 59. Be4 Kxh5 60. e6 Be3 61. Bg6+ Kh6 62. e7 Qg1+ 63. Kh3 Bf4 64. Qg2 Qe1 65. e8Q Qxe8 66. Bxe8 b1Q 67. Bc6 Qb2 68. Qxb2 axb2 69. Be4 Kg5 70. a4 Bc7 71. c5 Kf4 72. c6 b1Q 73. Bxb1 Kxf3 74. Bd3 Kf4 75. Kg2 Ke5 76. Kf3 Kd6 77. Bb5 Bb6 78. Ke4 Ba5 1/2-1/2

[Event "Chennai op 9th"]
[Site "Chennai"]
[Date "2017.01.23"]
[Round "8"]
[White "Peter Anand, A."]
[Black "Bala, Kannamma P"]
[Result "0-1"]
[WhiteElo "1881"]
[BlackElo "2124"]
[PlyCount "130"]
[EventDate "2017.01.18"]
[EventType "swiss"]
[EventRounds "10"]
[EventCountry "IND"]
[SourceTitle "CBM 176 Extra"]
[Source "ChessBase"]
[SourceDate "2017.03.02"]
[SourceVersion "1"]
[SourceVersionDate "2017.03.02"]
[SourceQuality "1"]

1. d4 Nf6 2. c3 b6 3. Nf3 Bb7 4. Bg5 g6 5. Nbd2 Bg7 6. Qc2 0-0 7. e4 d6 8. Bd3 Nbd7 9. 0-0 h6 10. Bxf6 Bxf6 11. Rfe1 e5 12. Rad1 Qe7 13. Nf1 Bg7 14. Ng3 a6 15. a4 Rfe8 16. Bc4 h5 17. h4 Bf6 18. Qd2 Kg7 19. Ng5 Bxg5 20. hxg5 Nf8 21. f4 exf4 22. Qxf4 Nh7 23. e5 d5 24. Be2 Qxg5 25. Rf1 Qxf4 26. Rxf4 Ng5 27. Rdf1 Bc8 28. Bd3 Be6 29. Rf6 Bg4 30. Be2 Bd7 31. Bf3 Nxf3+ 32. R1xf3 Re7 33. b3 Rf8 34. Nf1 Be6 35. Ne3 c5 36. g3 cxd4 37. cxd4 Rc7 38. Ng2 Rc1+ 39. Kh2 Rfc8 40. Rf2 R8c2 41. Rxc2 Rxc2 42. Kg1 Rc3 43. Kf2 Rxb3 44. Nf4 Rb4 45. Nxe6+ fxe6 46. Rxe6 Rxd4 47. Rxb6 Rxa4 48. Rd6 d4 49. Kf3 a5 50. Ke4 d3+ 51. Kxd3 Ra3+ 52. Ke4 Rxg3 53. Rd7+ Kf8 54. e6 h4 55. Ke5 h3 56. Rd8+ Ke7 57. Rd7+ Ke8 58. Rh7 a4 59. e7 a3 60. Kd6 Rd3+ 61. Ke6 Re3+ 62. Kd6 a2 63. Rh8+ Kf7 64. Rh7+ Kf6 65. Rxh3 Re6+ 0-1

[Event "Chennai op 9th"]
[Site "Chennai"]
[Date "2017.01.21"]
[Round "4"]
[White "Aditya, Guhagarkar"]
[Black "Bala, Kannamma P"]
[Result "0-1"]
[WhiteElo "1876"]
[BlackElo "2124"]
[PlyCount "128"]
[EventDate "2017.01.18"]
[EventType "swiss"]
[EventRounds "10"]
[EventCountry "IND"]
[SourceTitle "CBM 176 Extra"]
[Source "ChessBase"]
[SourceDate "2017.03.02"]
[SourceVersion "1"]
[SourceVersionDate "2017.03.02"]
[SourceQuality "1"]

1. e4 c5 2. Nc3 e6 3. f4 d5 4. d3 dxe4 5. Nxe4 Nf6 6. Nxf6+ Qxf6 7. Nf3 Bd6 8. g3 Bd7 9. Bg2 Bc6 10. 0-0 0-0 11. c3 Nd7 12. Be3 Nb6 13. Ng5 Bxg2 14. Kxg2 Nd5 15. Qf3 Qd8 16. Ne4 Rc8 17. Bd2 Be7 18. Rae1 Nf6 19. Bc1 Rc7 20. f5 exf5 21. Qxf5 Nxe4 22. Qxe4 Bf6 23. Qf5 Rc6 24. Re3 g6 25. Qf3 Qd7 26. Re4 Bg7 27. Rfe1 Qd5 28. Re8 Qxf3+ 29. Kxf3 Rf6+ 30. Kg2 Rd6 31. Rxf8+ Kxf8 32. Be3 b6 33. Rd1 f5 34. Kf3 Kf7 35. Rd2 Be5 36. Bf4 Kf6 37. Be3 Ke6 38. Bf4 Kf6 39. Be3 Rd7 40. h4 Kf7 41. Bh6 Bf6 42. Be3 Kg7 43. a4 h6 44. a5 g5 45. hxg5 hxg5 46. axb6 axb6 47. d4 cxd4 48. Bxd4 Bxd4 49. cxd4 Kf6 50. Ke3 Re7+ 51. Kf3 Ke6 52. Re2+ Kd6 53. Rd2 Re4 54. d5 Re5 55. Rh2 Rxd5 56. Rc2 Rd3+ 57. Kf2 Ke5 58. Re2+ Kd5 59. Rc2 g4 60. Re2 b5 61. Rc2 Rf3+ 62. Kg2 b4 63. Rd2+ Kc4 64. Rc2+ Kb3 0-1

[Event "Chennai op 9th"]
[Site "Chennai"]
[Date "2017.01.21"]
[Round "5"]
[White "Bala, Kannamma P"]
[Black "Kunal, M."]
[Result "0-1"]
[WhiteElo "2124"]
[BlackElo "2298"]
[PlyCount "112"]
[EventDate "2017.01.18"]
[EventType "swiss"]
[EventRounds "10"]
[EventCountry "IND"]
[SourceTitle "CBM 176 Extra"]
[Source "ChessBase"]
[SourceDate "2017.03.02"]
[SourceVersion "1"]
[SourceVersionDate "2017.03.02"]
[SourceQuality "1"]

1. e4 c6 2. d4 d5 3. Nc3 dxe4 4. Nxe4 Nf6 5. Nxf6+ exf6 6. Nf3 Bd6 7. Be2 0-0 8. 0-0 Nd7 9. c4 Re8 10. Re1 Nf8 11. h3 Ng6 12. Bf1 Rxe1 13. Qxe1 Bf5 14. Be3 Bc7 15. Qd1 Qd6 16. c5 Qd7 17. Qb3 Be6 18. Bc4 Bxc4 19. Qxc4 Ne7 20. Re1 Nd5 21. Bd2 Re8 22. Rxe8+ Qxe8 23. Kf1 Qe7 24. Qe2 Qd7 25. b4 g6 26. a3 f5 27. Ne5 Qe6 28. Nc4 Qe4 29. Qxe4 fxe4 30. a4 f5 31. b5 Kf7 32. Ba5 b6 33. Bd2 Ke6 34. bxc6 bxc5 35. dxc5 Ne7 36. g4 Nxc6 37. gxf5+ gxf5 38. f3 Ne5 39. Nxe5 Bxe5 40. fxe4 fxe4 41. Ke2 Kd5 42. Be3 a6 43. Bf2 Bf6 44. c6 Kxc6 45. Ke3 Kd5 46. Kf4 Be5+ 47. Kf5 Bd4 48. Be1 Bg7 49. Bf2 Bh6 50. h4 e3 51. Be1 e2 52. h5 Be3 53. Kf6 Ke4 54. Kf7 Kd3 55. Kg8 h6 56. Kh7 Kc2 0-1

[Event "IND-ch (Women) 43rd"]
[Site "New Delhi"]
[Date "2016.11.14"]
[Round "11"]
[White "Bala, Kannamma P"]
[Black "Pratyusha, Bodda"]
[Result "1-0"]
[WhiteElo "2070"]
[BlackElo "2289"]
[PlyCount "95"]
[EventDate "2016.11.03"]
[EventType "tourn"]
[EventRounds "11"]
[EventCountry "IND"]
[EventCategory "2"]
[SourceTitle "CBM 175 Extra"]
[Source "ChessBase"]
[SourceDate "2016.12.12"]
[SourceVersion "1"]
[SourceVersionDate "2016.12.12"]
[SourceQuality "1"]

1. e4 e5 2. Nf3 Nc6 3. Bb5 a6 4. Ba4 Nf6 5. 0-0 Nxe4 6. Re1 Nc5 7. Bxc6 dxc6 8. Nxe5 Be7 9. d4 Ne6 10. Be3 0-0 11. Nc3 f5 12. f4 Bd6 13. Ne2 Qf6 14. Kh1 Qh4 15. Rf1 Nd8 16. Rf3 Be6 17. Rh3 Qf6 18. Ng1 Nf7 19. Bf2 Bxe5 20. dxe5 Qe7 21. Bh4 Qb4 22. Qc1 Nh6 23. Rd3 Ng4 24. c3 Qc5 25. Qd2 a5 26. h3 Nh6 27. b3 a4 28. b4 Qc4 29. a3 Rfe8 30. Nf3 c5 31. Ng5 Nf7 32. Nxe6 Rxe6 33. Rd7 cxb4 34. cxb4 Rc6 35. Re1 Re8 36. b5 Rh6 37. Rc1 Qe6 38. Rcxc7 Rxh4 39. Rxf7 Qxf7 40. Rxf7 Kxf7 41. Qd7+ Re7 42. Qxf5+ Ke8 43. Qc8+ Kf7 44. Qc4+ Kf8 45. e6 g5 46. Qc8+ Kg7 47. Qd8 Kf6 48. f5 1-0

[Event "IND-ch (Women) 43rd"]
[Site "New Delhi"]
[Date "2016.11.07"]
[Round "5"]
[White "Mohota, Nisha"]
[Black "Bala, Kannamma P"]
[Result "1/2-1/2"]
[WhiteElo "2262"]
[BlackElo "2070"]
[PlyCount "36"]
[EventDate "2016.11.03"]
[EventType "tourn"]
[EventRounds "11"]
[EventCountry "IND"]
[EventCategory "2"]
[SourceTitle "CBM 175 Extra"]
[Source "ChessBase"]
[SourceDate "2016.12.12"]
[SourceVersion "1"]
[SourceVersionDate "2016.12.12"]
[SourceQuality "1"]

1. d4 Nf6 2. c4 e6 3. g3 d5 4. Nf3 Be7 5. Bg2 0-0 6. 0-0 dxc4 7. Qc2 c5 8. Rd1 Qc7 9. Ne5 Qxe5 10. Bf4 Qxe2 11. Bxb8 Rxb8 12. Rd2 c3 13. g4 h6 14. h4 g6 15. g5 Kg7 16. f3 hxg5 17. hxg5 Bd8 18. Rd3 Kg8 1/2-1/2

[Event "IND-ch (Women) 43rd"]
[Site "New Delhi"]
[Date "2016.11.05"]
[Round "3"]
[White "Swati, Ghate"]
[Black "Bala, Kannamma P"]
[Result "1/2-1/2"]
[WhiteElo "2260"]
[BlackElo "2070"]
[PlyCount "62"]
[EventDate "2016.11.03"]
[EventType "tourn"]
[EventRounds "11"]
[EventCountry "IND"]
[EventCategory "2"]
[SourceTitle "CBM 175 Extra"]
[Source "ChessBase"]
[SourceDate "2016.12.12"]
[SourceVersion "1"]
[SourceVersionDate "2016.12.12"]
[SourceQuality "1"]

1. e4 c5 2. Nf3 e6 3. d4 cxd4 4. Nxd4 a6 5. Be2 Nf6 6. Nc3 Qc7 7. 0-0 Bb4 8. Qd3 Nc6 9. Bg5 Be7 10. Be3 Ne5 11. Qd1 d6 12. a4 Nc4 13. Bc1 b6 14. Qd3 Ne5 15. Qg3 Bb7 16. f4 Ned7 17. Bf3 0-0 18. Kh1 Nc5 19. Nb3 Nxb3 20. cxb3 Kh8 21. Be3 b5 22. Qh3 b4 23. Nd5 Bxd5 24. exd5 g6 25. Bd4 Kg8 26. Be2 Nxd5 27. Bc4 Nf6 28. Be2 Kg7 29. Bc4 Rh8 30. Be2 h6 31. a5 Rag8 1/2-1/2

[Event "Wch U20 Girls 34th"]
[Site "Bhubaneswar"]
[Date "2016.08.21"]
[Round "13"]
[White "Bala, Kannamma P"]
[Black "Du, Yuxin"]
[Result "0-1"]
[WhiteElo "2039"]
[BlackElo "1957"]
[PlyCount "92"]
[EventDate "2016.08.08"]
[EventType "swiss"]
[EventRounds "13"]
[EventCountry "IND"]
[SourceTitle "CBM 173 Extra"]
[Source "ChessBase"]
[SourceDate "2016.08.29"]
[SourceVersion "1"]
[SourceVersionDate "2016.08.29"]
[SourceQuality "1"]

1. e4 c6 2. d4 d5 3. Nc3 dxe4 4. Nxe4 Bf5 5. Ng3 Bg6 6. h4 h6 7. Nf3 Nd7 8. h5 Bh7 9. Bd3 Bxd3 10. Qxd3 e6 11. Bf4 Qa5+ 12. Bd2 Bb4 13. Ne4 Ngf6 14. Nd6+ Ke7 15. Nc4 Bxd2+ 16. Nfxd2 Qa6 17. a4 c5 18. dxc5 Nxc5 19. Qa3 Qc6 20. 0-0-0 Rac8 21. a5 Qa4 22. Qxa4 Nxa4 23. Ne5 Rc5 24. Ndc4 Rhc8 25. Rd4 b5 26. axb6 Nxb6 27. Rhh4 Nxc4 28. Rxc4 Rxc4 29. Nxc4 Rc5 30. b4 Rxh5 31. Rxh5 Nxh5 32. Ne5 Nf4 33. g3 Nd5 34. b5 Nc3 35. Nc6+ Kd6 36. Nxa7 Kc5 37. Nc6 Nxb5 38. Ne5 Nd6 39. Kd2 Nc4+ 40. Nxc4 Kxc4 41. f3 e5 42. Ke3 f5 43. Kd2 g6 44. Kd1 Kc3 45. Kc1 h5 46. Kd1 g5 0-1

[Event "Wch U20 Girls 34th"]
[Site "Bhubaneswar"]
[Date "2016.08.19"]
[Round "11"]
[White "Bala, Kannamma P"]
[Black "Injac, Teodora"]
[Result "1/2-1/2"]
[WhiteElo "2039"]
[BlackElo "2252"]
[PlyCount "86"]
[EventDate "2016.08.08"]
[EventType "swiss"]
[EventRounds "13"]
[EventCountry "IND"]
[SourceTitle "CBM 173 Extra"]
[Source "ChessBase"]
[SourceDate "2016.08.29"]
[SourceVersion "1"]
[SourceVersionDate "2016.08.29"]
[SourceQuality "1"]

1. e4 e6 2. d4 d5 3. Nd2 c5 4. exd5 exd5 5. Ngf3 a6 6. Be2 Nf6 7. 0-0 Be7 8. dxc5 Bxc5 9. Nb3 Bb6 10. Bg5 0-0 11. c3 Re8 12. Re1 Bxf2+ 13. Kxf2 Ne4+ 14. Kg1 Nxg5 15. Nxg5 Qxg5 16. Bxa6 Rxe1+ 17. Qxe1 Qd8 18. Bf1 Be6 19. Nd4 Qb6 20. Qf2 Nc6 21. Nxc6 Qxc6 22. a3 Ra4 23. Rd1 h6 24. Rd4 Rxd4 25. Qxd4 Bf5 26. a4 Bc2 27. a5 Bb3 28. Qb6 Qxb6+ 29. axb6 Ba4 30. b4 Bc6 31. Kf2 Kf8 32. Ke3 Ke7 33. Kd4 Kd6 34. Be2 Ba4 35. Bf3 Bb3 36. g3 f5 37. h4 g5 38. hxg5 hxg5 39. Bh1 Bc4 40. Bf3 Bb3 41. Bh1 Bc4 42. Bf3 Ke6 43. Bg2 Kd6 1/2-1/2

[Event "Wch U20 Girls 34th"]
[Site "Bhubaneswar"]
[Date "2016.08.10"]
[Round "3"]
[White "Lasya, Goli"]
[Black "Bala, Kannamma P"]
[Result "1-0"]
[WhiteElo "2084"]
[BlackElo "2039"]
[PlyCount "129"]
[EventDate "2016.08.08"]
[EventType "swiss"]
[EventRounds "13"]
[EventCountry "IND"]
[SourceTitle "CBM 173 Extra"]
[Source "ChessBase"]
[SourceDate "2016.08.29"]
[SourceVersion "1"]
[SourceVersionDate "2016.08.29"]
[SourceQuality "1"]

1. e4 c5 2. Nf3 e6 3. d3 a6 4. g3 Nc6 5. Bg2 d6 6. Nbd2 Qc7 7. c3 Nge7 8. Qe2 g6 9. h4 h5 10. e5 d5 11. Nb3 b6 12. Bf4 Bg7 13. Nbd2 Bb7 14. 0-0 b5 15. Nb3 Na5 16. Nxa5 Qxa5 17. d4 c4 18. Qd2 Qc7 19. Bh3 a5 20. Bg5 Bc8 21. Rfe1 Ng8 22. Kg2 Bh6 23. Qf4 Bxg5 24. Nxg5 Qe7 25. a3 Nh6 26. Re3 Ra7 27. Re2 Rb7 28. Qd2 Kf8 29. Re3 Kg7 30. Rf3 Nf5 31. Bxf5 exf5 32. Re3 Be6 33. Re2 Rhb8 34. Nh3 Ra7 35. Nf4 Rab7 36. Qe3 Rb6 37. Qf3 Qd8 38. Ree1 Qd7 39. Qe3 Qe7 40. Ra2 Qd8 41. Rea1 Qe7 42. Ne2 Qd8 43. Nc1 b4 44. axb4 axb4 45. Ne2 bxc3 46. bxc3 Rb1 47. Nf4 Rxa1 48. Rxa1 Qb6 49. Ra3 Re8 50. Nh3 Qb2 51. Ra6 Rb8 52. Qg5 Qb7 53. Qf6+ Kh6 54. Rd6 Re8 55. Qg5+ Kh7 56. Nf4 Qe7 57. Qxe7 Rxe7 58. Nxd5 Bxd5+ 59. Rxd5 Ra7 60. Rc5 Ra4 61. d5 Kg7 62. d6 Ra7 63. Rxc4 Kf8 64. Rc8+ Kg7 65. c4 1-0

[Event "Wch U20 Girls 34th"]
[Site "Bhubaneswar"]
[Date "2016.08.09"]
[Round "2"]
[White "Bala, Kannamma P"]
[Black "Tokhirjonova, Gulruhbegim"]
[Result "1/2-1/2"]
[WhiteElo "2039"]
[BlackElo "2328"]
[PlyCount "86"]
[EventDate "2016.08.08"]
[EventType "swiss"]
[EventRounds "13"]
[EventCountry "IND"]
[SourceTitle "CBM 173 Extra"]
[Source "ChessBase"]
[SourceDate "2016.08.29"]
[SourceVersion "1"]
[SourceVersionDate "2016.08.29"]
[SourceQuality "1"]

1. e4 e6 2. d4 d5 3. Nd2 c5 4. exd5 Qxd5 5. Ngf3 cxd4 6. Bc4 Qd7 7. 0-0 Nc6 8. Nb3 Nf6 9. Nbxd4 Nxd4 10. Qxd4 Qxd4 11. Nxd4 Bd7 12. c3 Rc8 13. Be2 e5 14. Nf3 Bd6 15. Re1 0-0 16. Bg5 Bb8 17. Bd3 Rfe8 18. Bxf6 gxf6 19. Be4 b5 20. Nh4 Rc4 21. f3 a5 22. Nf5 b4 23. cxb4 Rxb4 24. Re2 Ba7+ 25. Kh1 Bd4 26. Nxd4 exd4 27. Rd2 f5 28. Bd3 Be6 29. b3 Rc8 30. Kg1 Kg7 31. Kf2 Kf6 32. f4 a4 33. bxa4 Rxa4 34. Bb5 Ra3 35. Rad1 Bd5 36. Bf1 Be4 37. Rxd4 Rxa2+ 38. R1d2 Rcc2 39. Rxc2 Rxc2+ 40. Kg3 Rc3+ 41. Kf2 Rc2+ 42. Kg3 Rc3+ 43. Kf2 Rc2+ 1/2-1/2